000
00339nam a2200133Ia 4500
008
151001s9999||||xx |||||||||||||| ||und||
100
_a
विलास साळोखे
245
_a
मिथुन
250
_a
1
260
_b
गुरु ओम प्रकाश
260
_c
1983
300
_a
108
365
_b
18
999
_c
962397
_d
962394